00828cam a22002411 450000100060000000300080000600500170001400800390003103500190007003500190008904000280010804100080013610000180014424500480016226000770021030000310028750400510031850501260036965000230049570000270051870000170054571000240056216842BD-RjUL20211209000046.0140215m1963 enka b 001 0 eng a(BD-RjUL)16897 a(OCoLC)3767650 aDLCcTxCMdUkdDLCbeng aeng aGroves, w. r.00aPlastics moulding plant /cw. r GrovesnV-1 aLondon :bPublished for the Plastics Institute [by] Iliffe Books,cc1963 a120 p. :billus. ;c23 cm. aIncludes index and bibliographical references.0 av. 1 Hydraulics, compression and transfer equipment, by W. R. Groves.--v. 2 Injection moulding equipment, by M. G. Munns. 0aPlasticsxMolding.1 aGroves, Walter Robert.1 aMunns, M. G.2 aPlastics Institute.